000 01242nam a2200253Ia 4500
003 OSt
005 20260420115416.0
008 220909b |||||||| |||| 00| 0 eng d
020 _a8173714088
037 _cTextbook
040 _aCSL
_beng
_cCSL
041 _aeng
084 _aCN1 P2 TC
_qCSL
100 _aLahiri, Avijit
_91230904
245 0 _aStatistical mechanics: an elementary outline
260 _aHyderabad,
_bUniversity Press:
_c2002.
300 _aix, 283p.
_b: ill.
500 _aIndex 278-283p.
520 _aThis is a basic, introductory-level textbook on ‘Statistical Mechanics’ aimed at enabling the student to understand the basics of the subject. Statistical mechanics is basically applied quantum mechanics, involving situations where the wave functions of systems under consideration are incompletely known, necessitating the introduction of ensembles and probabilities. The subject forms a part of graduate and postgraduate level curriculum in physics and related subjects like chemistry.
650 _a Statistical mechancis
_91235156
650 _aPhysics
942 _hCN1 P2 TC
_cTB
_2CC
999 _c19293
_d19293